[Event "Gold Coast Masters U18"]
[Site "Gold Coast"]
[Date "2005.02.08"]
[Round "2"]
[White "Messenger, Jordan"]
[Black "Lee, Leoma"]
[Result "0-1"]
[WhiteElo "878"]
[BlackElo "1200"]
[PlyCount "44"]
[EventDate "2005.02.01"]
[EventType "swiss"]
[EventRounds "5"]
[EventCountry "AUS"]
[SourceTitle "EXT 2010"]
[Source "ChessBase"]
[SourceDate "2010.11.25"]
[SourceVersion "1"]
[SourceVersionDate "2010.11.25"]
[SourceQuality "1"]

1. e4 e5 2. Nf3 Nc6 3. Nc3 Nf6 4. Bc4 h6 5. 0-0 Bc5 6. d3 d6 7. Re1 Bg4 8. h3 Bh5 9. Be3 Bd4 10. Bxd4 Nxd4 11. Re3 Bxf3 12. gxf3 0-0 13. Ne2 Nh5 14. Ng3 Nf4 15. Kh2 Qh4 16. Qf1 Nxc2 17. Rc1 Nxe3 18. Re1 Nc2 19. Rc1 Nd4 20. Qh1 Qxh3+ 21. Kg1 Nfe2+ 22. Nxe2 Nxe2# 0-1